00532cam a22001932i 4500001001300000003000700013005001700020008004100037020002800078040001300106042000900119084001900128245007200147250001100219260003600230300001800266650002400284650003000308CIP113006928yeezen20250716163518.0240508s2024 ch e 000 0 chi d a9789863685425q(平裝) aCIPbchi anbic a415.222ncsclt10a從急診開始的急重症照護 /c台大醫院急診團隊編著 a初版 a新北市 :b合記, c2024.10. a面 ;c公分 72lcstta急診醫學 72lcstta緊急醫療救護